| 000 | 01007nam a22002657a 4500 | ||
|---|---|---|---|
| 001 | 9042 | ||
| 003 | FISKH | ||
| 005 | 20251117134911.0 | ||
| 008 | 251117b cb ||||| |||| 00| 0 eng d | ||
| 020 | _a0909104174 | ||
| 040 |
_aFISKH _beng _cFISKH _dFISKH |
||
| 050 | _aPZ7 | ||
| 082 | _a622 | ||
| 100 |
_aMacKinnon, Sue _eAuthor |
||
| 245 |
_aOil and natural gas / _cSue MacKinnon ; Jennifer Richardson |
||
| 260 |
_aVictoria : _bGreenhouse Publications , _c1979 |
||
| 300 |
_a28 pages : _bcolor illustrations ; _c22 cm |
||
| 505 | _aN | ||
| 520 | _aThis nonfiction book explains what oil and natural gas are, how they form, how they are extracted, and how people use them for energy. It introduces key science concepts in simple language and includes diagrams to help young readers understand fossil fuels and their role in everyday life. | ||
| 521 | 8 |
_a700
_bLexile estimate |
|
| 521 | 8 |
_aN
_bRaz-Plus |
|
| 650 |
_aFossil fuels _vOil and natural gas |
||
| 942 |
_2ddc _cBK _n0 |
||
| 999 |
_c9042 _d9042 |
||